000
00294nam a22001337a 4500
008
171222b xxu||||| |||| 00| 0 eng d
020
_a
9780810392373
041
_a
eng
080
_a
94
100
_a
17
101
_a
HIS
245
_a
AFRICAN AMERICAN BIOGRAPHY
_c
NAGEL,C.D
942
_2
udc
_c
BK
999
_c
39303
_d
39303